| 000 | 00668nam a2200205 i 4500 | ||
|---|---|---|---|
| 001 | 187078 | ||
| 003 | ES-MaACL | ||
| 005 | 20230906222819.0 | ||
| 008 | 170410s1987 sp c |||| | spa d | ||
| 020 | _a84-398-7438-3 | ||
| 080 | _a398.8(460.33+460.35) | ||
| 100 | 1 |
_aArrebola, Alfredo. _923235 |
|
| 245 | 1 | 0 |
_aCantes gitano-andaluces básicos / _cAlfredo Arrebola ; [prólogo, Francisco Vallecillo]. |
| 250 | _a2ª ed. | ||
| 260 |
_aCádiz : _bUniversidad, Servicio de Publicaciones, _c1987. |
||
| 300 |
_a156 p. : _bretr. ; _c21 cm. |
||
| 650 | 0 | 4 |
_aCante flamenco- _xHistoria. _910751 |
| 710 | 2 |
_aUniversidad de Cádiz. _9171718 |
|
| 852 |
_aES-MaACL _jL-31399 |
||
| 999 |
_c187078 _d187078 |
||